| 000 | 01069nam a22003258i 4500 | ||
|---|---|---|---|
| 001 | 020495261 | ||
| 003 | EG-ScBUE | ||
| 005 | 20230924101508.0 | ||
| 008 | 220215t2023 nyua f bd 001 0 eng d | ||
| 020 | _a9781265226565 (pbk.) | ||
| 020 | _a1265226563 | ||
| 040 |
_aStDuBDS _beng _erda _cStDuBDS _dEG-ScBUE |
||
| 082 | 0 | 4 |
_a302.23 _222 _bBAR |
| 100 | 1 |
_aBaran, Stanley J., _eauthor. |
|
| 245 | 1 | 0 |
_aIntroduction to mass communication : _bmedia literacy and culture / _cStanley Baran, Bryant University. |
| 250 | _aTwelfth edition. | ||
| 250 | _aInternational student edition. | ||
| 264 | 1 |
_aNew York : _bMcGraw Hill, _c[2023] |
|
| 264 | 4 | _cc2023 | |
| 300 |
_a1 volume (various pagings) : _billustrations (some color) ; _c28 cm |
||
| 336 |
_atext _2rdacontent _btxt |
||
| 337 |
_aunmediated _2rdamedia _bn |
||
| 338 |
_avolume _2rdacarrier _bnc |
||
| 500 | _aIncludes glossary. | ||
| 504 | _aIncludes bibliographical references and index. | ||
| 650 | 7 |
_aMass media. _2BUEsh |
|
| 653 |
_cSeptember2023 _bCOMAME |
||
| 655 | _vReading book | ||
| 942 |
_2ddc _cBB |
||
| 999 |
_c30563 _d30534 |
||